| 000 | 00598nam a2200217Ia 4500 | ||
|---|---|---|---|
| 005 | 20160718151426.0 | ||
| 008 | 131103s9999 xx 000 0 und d | ||
| 040 | _aLoreto College | ||
| 041 | _aEnglish | ||
| 082 |
_a822.3 _bJON-WHE |
||
| 100 | _aWheeler, Charles Francis | ||
| 245 |
_aClassical mythology in the plays,masques, and poems of Ben Jonson _cCharles Francis Wheeler |
||
| 260 |
_aLondon _bKennikat _c1938 |
||
| 300 | _a212p. | ||
| 504 | _aIncludes index | ||
| 630 | _aEnglish drama | ||
| 650 | _aJonson, Ben | ||
| 651 | _aEnglish literature | ||
| 850 | _aLCLIB | ||
| 942 | _cBK | ||
| 999 |
_c35940 _d86419 |
||